Fichero: actividades didácticas, español, primer grado
Saved in:
| Main Authors: | , , , , , , , |
|---|---|
| Format: | Bog |
| Sprog: | spansk |
| Udgivet: |
Ciudad de México
Secretaría de Educación Pública
1995
|
| Fag: | |
| Tags: |
Tilføj Tag
Ingen Tags, Vær først til at tagge denne postø!
|
MARC
| LEADER | 00000nam a2200000 a 4500 | ||
|---|---|---|---|
| 001 | UCO8926 | ||
| 003 | CL-VaPUC | ||
| 008 | 010112e19950000MX |||||||||||||||||spa|d | ||
| 082 | 0 | 4 | |a 372.6 |b COS |2 21 |
| 100 | 0 | |a Coss Valdés, Jorge Aníbal |e author |9 453860 | |
| 700 | 0 | |a Coss Valdés, Marcia |e author |9 453861 | |
| 700 | 0 | |a Díaz Aguilar, Ana Rosa |e author |9 453862 | |
| 700 | 0 | |a Gómez García, María Elisa |e author |9 453863 | |
| 700 | |a González Guerrero, Laura V |e author |9 453907 | ||
| 700 | 0 | |a Merino Oliveros, Georgina Teresa |e author |9 453865 | |
| 700 | 0 | |a Odabachian Bermúdez, Lucía Jazmín |e author |9 453866 | |
| 700 | 0 | |a Rodríguez Sánchez, Beatriz |e author |9 453867 | |
| 245 | 1 | 0 | |a Fichero: actividades didácticas, español, primer grado |
| 300 | |a 80 h | ||
| 942 | |c BK | ||
| 945 | |d 20010112 00:00:00 |a cmena | ||
| 260 | |a Ciudad de México |b Secretaría de Educación Pública |c 1995 | ||
| 650 | 7 | |a LENGUAJE ESPAÑOL |2 CL-VaPUC |9 453868 | |
| 650 | 0 | |a Enseñanza de la lectura |9 308364 | |
| 650 | 0 | |a Educación básica |9 224933 | |
| 650 | 0 | |a Educación lingüística |9 306506 | |
| 650 | 0 | |a Métodos de enseñanza |9 270413 | |
| 583 | |a last modification |c 20010112 00:00:00 |k Rodrigo Vera | ||
| 999 | |c 293342 |d 293340 | ||
| 952 | |0 0 |1 0 |4 0 |6 372_600000000000000_COS_1995 |7 0 |8 P |9 344816 |a BIBEDU |b BIBEDU |c BIBEDU_PB |d 2019-11-20 |i 3683257 |o 372.6 COS 1995 |p 3683257 |r 2024-01-25 |w 2019-11-20 |y BK |k EDU | ||